BIBLIOTECA

SENCICO

Diseño de interiores : (Registro nro. 9837)

Detalles MARC
000 -LEADER
Campo de control de longitud fija 01055nam a22002897a 4500
003 - IDENTIFICADOR DEL NÚMERO DE CONTROL
Campo de control PE SENCICO BE
005 - FECHA Y HORA DE LA ÚLTIMA TRANSACCIÓN
Campo de control 20260304201001.0
008 - ELEMENTOS DE LONGITUD FIJA - INFORMACIÓN GENERAL
Campo de control de longitud fija 260211b |||||||| |||| 00| 0 eng d
020 ## - ISBN
ISBN 978-84-342-3556-4
040 ## - FUENTE DE CATALOGACIÓN
Origen de catalogación PE SENCICO BE
Agencia que realiza la transcripción PE SENCICO BE
041 ## - CÓDIGO DE IDIOMA
Idioma del texto spa
082 ## - NÚMERO DE CLASIFICACIÓN DECIMAL DEWEY
Código de Clasificación Dewey 747
Notación Interna P68
100 1# - ASIENTO PRINCIPAL--NOMBRE PERSONAL
Autor Personal Plunkett, Drew
9 (RLIN) 228
Término relacionado autor
245 1# - MENCIÓN DEL TITULO
Título Diseño de interiores :
Subtítulo técnicas de ilustración /
Mención de responsabilidad Drew Plunkett
250 ## - MENCIÓN DE EDICIÓN
Edición 1a ed.
260 ## - PUBLICACIÓN, DISTRIBUCIÓN, ETC. (PIE DE IMPRENTA)
Lugar de publicación, distribución, etc. [China] :
Nombre de la Editorial, Distribuidor, etc. Laurence King Publishing ;
Fecha de publicación, distribución, etc. 2009
300 ## - DESCRIPCIÓN FÍSICA
Paginación 181 páginas :
Otros detalles físicos fotografias, cuadros, diagramas ;
Dimensión 27 cm.
504 ## - NOTA DE BIBLIOGRAFÍA, ETC.
Bibliografía (rango de páginas) Bibliografía: p.186
505 0# - NOTA DE CONTENIDO CON FORMATO PREESTABLECIDOE
Contenido o índice Planos acotados -- Collage -- Vistas de perspectiva -- Superposiciones -- Planos
520 3# - NOTA DE RESUMEN, ETC.
Resumen, etc. Presentación de capítulos didácticos: los fundamentos, la concepción, presentación de dibujos
650 10 - ASIENTO SECUNDARIO DE MATERIA - TERMINO TEMÁTICO
Término de tema o elemento de entrada de nombre geográfico Diseño de interiores
9 (RLIN) 315
650 20 - ASIENTO SECUNDARIO DE MATERIA - TERMINO TEMÁTICO
Término de tema o elemento de entrada de nombre geográfico Maquetas (Arquitectura)
9 (RLIN) 431
650 20 - ASIENTO SECUNDARIO DE MATERIA - TERMINO TEMÁTICO
Término de tema o elemento de entrada de nombre geográfico Dibujo técnico
9 (RLIN) 388
700 1# - ASIENTO SECUNDARIO--NOMBRE PERSONAL
Autor Personal Sanmiguel, David
9 (RLIN) 229
Término de relación traductor
910 ## - RESPONSABLE DEL REGISTRO
Coordinador de procesamiento de la información hfp
942 ## - ELEMENTOS DE KOHA
Fuente de clasificación o esquema de estanterías Dewey Decimal Classification
Tipo de documento Libros
999 ## -
-- 9837
-- 9837
Existencias
Estado Retiro Estado Perdido Sistema de Clasificación o Esquema de Estantería Estado Dañado No es para préstamo Ubicación Permanente Ubicación Actual Fecha de adquisición Total Checkouts Signatura topográfica completa Código de Barras Date last seen Precio efectivo desde Tipo de ítem
    Dewey Decimal Classification     Biblioteca Piura Biblioteca Piura 11/02/2026   747/P68 BibZpiur26022630 11/02/2026 11/02/2026 Libros
    Dewey Decimal Classification     Biblioteca Piura Biblioteca Piura 11/02/2026   747/P68/ej. 2 BibZpiur26022631 11/02/2026 11/02/2026 Libros